VENERABILIS PATRIS THOMAE à JESU Hispani, Carmelitarum Discalceatorum Provinciae Belgicae Vicarii Generalis, primi Provincialis, ac deinde totius Congregationis Definitoris generalis, OPERA OMNIA HOMINI RELIGIOSO ET APOSTOLICO TAM QVO AD VITAE ACTIVAE, QVAM CONtemplativae functiones utilissima, DUOBUS TOMIS COMPREHENSA. IN QVIBVS SINGVLARI PIETATE, VARIA ERVDITIONE CLARIORI ET BREVIORI STYLO CONTINENTVR ET EXPLICANTVR, Quae, ad pietatem Christianè fovendam, ad vitam Monasticam Religiosè instituendam, ad munus Apostolicum feliciter complendum, ad fidem Catholicam utiliter promovendam, denique & potissimùm ad vitam ecstaticam & planè divinam perfecte internoscendam, & acquirendam, à SS. Patribus aliisque Auctoribus fusè admodùm & obscurè referuntur. Cum Indice Rerum et Verborum notabilium ac Tractatuum, quos pagina undecima indicabit TOMUS I.

Hlavní autor: Tomé de Jesus, otec, 1529-1582
Jazyk: Latina
Vydáno: COLONIAE AGRIPPINAE : Apud IOANNEM WILHELMVM FRIESSEM juniorem, 1684
Témata:
Externí odkaz: Titulní list
Titulní list 1. přívazku
Fyzický popis: [10], 753, [26] s. ; 2°
Knihy
Uloženo v:
LEADER 03848nam a2200625 a 4500
001 mzk03001208619
003 CZ BrMZK
005 20141021140219.0
007 ta
008 141021s1684 gw fr|||||00| ||lat|d
040 |a BOA001  |b cze 
072 7 |a 2  |x Náboženství  |2 Konspekt  |9 5 
072 7 |a 094  |x Staré tisky  |2 Konspekt  |9 12 
080 |a 2-532.2/-534  |2 MRF 
080 |a 27-584  |2 MRF 
080 |a 2-284  |2 MRF 
080 |a 27-789.34-1/-9  |2 MRF 
080 |a 025.171  |2 MRF 
080 |a (0.068)094  |2 MRF 
100 0 |a Tomé de Jesus,  |c otec,  |d 1529-1582  |7 mzk2003195695  |4 aut 
245 1 0 |a VENERABILIS PATRIS THOMAE à JESU Hispani, Carmelitarum Discalceatorum Provinciae Belgicae Vicarii Generalis, primi Provincialis, ac deinde totius Congregationis Definitoris generalis, OPERA OMNIA HOMINI RELIGIOSO ET APOSTOLICO TAM QVO AD VITAE ACTIVAE, QVAM CONtemplativae functiones utilissima, DUOBUS TOMIS COMPREHENSA. IN QVIBVS SINGVLARI PIETATE, VARIA ERVDITIONE CLARIORI ET BREVIORI STYLO CONTINENTVR ET EXPLICANTVR, Quae, ad pietatem Christianè fovendam, ad vitam Monasticam Religiosè instituendam, ad munus Apostolicum feliciter complendum, ad fidem Catholicam utiliter promovendam, denique & potissimùm ad vitam ecstaticam & planè divinam perfecte internoscendam, & acquirendam, à SS. Patribus aliisque Auctoribus fusè admodùm & obscurè referuntur. Cum Indice Rerum et Verborum notabilium ac Tractatuum, quos pagina undecima indicabit  |n TOMUS I. 
246 3 |a VENERABILIS PATRIS THOMAE à JESU OPERA OMNIA 
246 3 |a OPERA OMNIA HOMINI RELIGIOSO ET APOSTOLICO TAM QVO AD VITAE ACTIVAE, QVAM CONtemplativae functiones utilissima, DUOBUS TOMIS COMPREHENSA 
246 3 |a OPERA OMNIA 
260 |a COLONIAE AGRIPPINAE :  |b Apud IOANNEM WILHELMVM FRIESSEM juniorem,  |c 1684 
300 |a [10], 753, [26] s. ;  |c 2° 
500 |a Výzdoba: Předtitul, titulní strana tištěna červeně a černě, nad impresem mědirytina (Alegorické postavy ctností - Jo. Goosren. fec.), vlysy, iniciály, viněty, linky z typografických ozdůbek, text tištěn dvousloupcově 
501 |a Obsahuje: Přívazek stejného titulu 2. díl 
561 |a Provenience: Exlibris se studujícím mnichem 
561 |a Provenience: [m.p.] Hic liber est ad simplicce usum Dns. Francisci Eder ex beneficio R. P. Prva. Patritij Pallet 1687 
561 |a Provenience: [m.p.] Proeunitus est hic liber pro Conventu Brunensi S. Maria Magdalena Anno 1687 
563 |a Pergamenová vazba, lepenkové desky, poškozené látkové tkanice, hřbet natřený bílou barvou s rukou psaným názvem a signaturou, zeleně natřená ořízka 
590 |a Chybí listy Ttt1 a Ttt8 v Indexu - nahrazeny vevázaným volným listem 
650 7 |a zbožnost  |7 ph127555  |2 czenas 
650 7 |a duchovní život  |7 ph114375  |2 czenas 
650 7 |a dogmatika  |7 ph114335  |2 czenas 
650 7 |a karmelitánská spiritualita  |7 ph139375  |2 czenas 
650 7 |a historické knihovní fondy  |7 ph172933  |2 czenas 
650 4 |a Opera omnia 
655 7 |a staré tisky  |7 fd422076  |2 czenas 
856 4 1 |u https://imageserver.mzk.cz/mzk03/001/208/619/328100220040.titul.jp2  |y Titulní list 
856 4 1 |u https://imageserver.mzk.cz/mzk03/001/208/619/328100220040.titul1.jp2  |y Titulní list 1. přívazku 
903 |a RP 
910 |e BOE950  |c R - H. I. cc. 1 
978 |b Friessem, Johann Wilhelm II.  |a Köln a.R.  |c 1684 
981 1 |a Eder, Franciscus 
982 0 |a Brno - františkánský klášter Sv. Máří Magdalény 
982 0 |a Rajhrad - benediktinský klášter 
984 |a Kolín nad Rýnem  |b Německo 
985 |a 1651-1700 
990 |a BK 
996 |e BOE950  |c R - H. I. cc. 1 
980 |c 220040  |g R - H. I. cc. 1  |1 328100220040  |p N. 2842 
991 |k rajhrad 
994 |a DN  |l MZK03  |b 001208622  |m záznam 1. díla (pro objednání pokračujte kliknutím)  |n přívazek